| 000 | 01444nam0a2200373 4500 | ||
|---|---|---|---|
| 001 | RU\NLR\BIBL_A\011624515 | ||
| 005 | 20250128194045.0 | ||
| 010 | _a978-5-4490-1199-2 | ||
| 021 |
_aRU _bКН-П-18-000652 _9КН-П-18-0043 |
||
| 035 | _a(NLR Aleph) 011624515 | ||
| 035 | _a(RuMoRGB)009510806 | ||
| 090 |
_a13415583 _c13415583 |
||
| 100 | _a20180208d2017 u y0rusy50 ca | ||
| 101 | 0 |
_arus _atun |
|
| 102 | _aRU | ||
| 105 | _aac||z|||000ay | ||
| 200 | 1 |
_aБугды эмугдэчи хунат _dВеликодушная дочь _eрассказ для людей, любящих эвенкийскую культуру _fНина Петровна Оёгир _zrus |
|
| 210 |
_a[Б. м.] _cИздательские решения _d2017 |
||
| 215 |
_a11, [1] с. _cил., портр. _d21 |
||
| 300 | _aТекст парал. на рус. и эвенкийс. яз. | ||
| 333 | _a0+ | ||
| 510 | 1 |
_6z77790 _aВеликодушная дочь _zrus |
|
| 686 |
_aШ5(2=Э)64-644 _2rubbk |
||
| 686 | 2 | _aШ6(2=Э)7-4 | |
| 700 | 1 |
_aОёгир _bН. П. _gНина Петровна _3RU\NLR\AUTH\770183614 |
|
| 790 | 1 |
_6z77510 _aОёгир _bН. П. _gНина Петровна _3RU\NLR\AUTH\770183614 |
|
| 852 |
_aNLR _bОНЛ _jЭвенк./3-262 |
||
| 942 | _cBOOK | ||
| 980 | _aNBR | ||
| 980 | _aNB | ||